| 000 | 00645nam a22002057a 4500 | ||
|---|---|---|---|
| 005 | 20250227165107.0 | ||
| 008 | 241123b ||||| |||| 00| 0 eng d | ||
| 040 | _cAL | ||
| 041 | _aeng | ||
| 082 |
_223 _a378.14 _bSTAL |
||
| 100 |
_aSt Aloysius College _9202912 |
||
| 245 | _aSt Aloysius College (Autonomous) Mangaluru: Annual Report 2015-2016 | ||
| 260 |
_aMangalore _bSt Aloysius College _c2016 |
||
| 300 |
_a279p. _bPB _c27x21cm. |
||
| 650 |
_aCollege Day-136 _9186135 |
||
| 650 |
_aSt Aloysius College (Autonomous) Mangalore _9202913 |
||
| 650 |
_aHigher Education _9186136 |
||
| 700 |
_aST ALOYSIUS COLLEGE _9186137 |
||
| 942 |
_2ddc _cDB |
||
| 999 |
_c231963 _d231963 |
||